| 000 | 00468nam a2200193Ia 4500 | ||
|---|---|---|---|
| 008 | 160803s9999 xx 000 0 und d | ||
| 020 | _a0 590411454 | ||
| 100 | _aMcQueen, Lucinda | ||
| 245 | 4 | _aThe Little red hen / | |
| 245 | _cpictures by Lucinda McQueen. | ||
| 260 | _aNew York : | ||
| 260 | _bScholastic Inc. | ||
| 260 | _c1985 | ||
| 300 | _a32 pages : | ||
| 300 | _bcolor illustrations ; | ||
| 300 | _c23cm | ||
| 650 | _aFolklore. | ||
| 700 | _a470 | ||
| 999 |
_c299360 _d299360 |
||